Slovenia economic transformation and EU accession

Salvato in:
Dettagli Bibliografici
Natura: Libro
Lingua:inglese
Pubblicazione: Washington, D.C. World Bank 1999
Serie:<A> World bank country study
Soggetti:
Tags: Aggiungi Tag
Nessun Tag, puoi essere il primo ad aggiungerne!!

MARC

LEADER 00000nam$a2200000$$$4500
001 0020173
005 20221129101321.3
020 |a 0-8213-4449-8 
041 0 |a eng 
044 |a US 
245 1 0 |a Slovenia  |b economic transformation and EU accession 
264 1 |a Washington, D.C.  |b World Bank  |c 1999 
300 |a 147 s. 
490 1 |a <A> World bank country study 
830 0 |a <A> World bank country study 
610 2 0 |a Slovinsko 
610 2 0 |a Európska únia 
610 2 0 |a služby verejné 
610 2 0 |a situácia hospodárska 
610 2 0 |a rast hospodársky 
610 2 0 |a integrácia ekonomická 
610 2 0 |a rast hospodársky dlhodobý 
610 2 0 |a obchod zahraničný 
610 2 0 |a financie 
610 2 0 |a podnik 
610 2 0 |a trh práce 
610 2 0 |a obdobie prechodné 
610 2 0 |a poľnohospodárstvo 
610 2 0 |a stabilita hospodárstva 
610 2 0 |a služby verejné